MARC details
| 000 -CABECERA |
| campo de control de longitud fija |
05045nam a2200457Ia 4500 |
| 001 - NÚMERO DE CONTROL |
| campo de control |
dia_5336 |
| 003 - IDENTIFICADOR DEL NÚMERO DE CONTROL |
| campo de control |
CHAP |
| 005 - FECHA Y HORA DE LA ÚLTIMA TRANSACCIÓN |
| campo de control |
20251103134829.0 |
| 007 - CAMPO FIJO DE DESCRIPCIÓN FÍSICA--INFORMACIÓN GENERAL |
| campo de control de longitud fija |
ta |
| 008 - DATOS DE LONGITUD FIJA--INFORMACIÓN GENERAL |
| campo de control de longitud fija |
220117s2013 mx abdofrm 001 0 spa d |
| 010 ## - NÚMERO DE CONTROL DE LA BIBLIOTECA DEL CONGRESO |
| Número de control de LC |
176273 |
| 040 ## - FUENTE DE LA CATALOGACIÓN |
| Centro/agencia transcriptor |
CHAP |
| Centro catalogador/agencia de origen |
mxchpua |
| Normas de descripción |
rda |
| 041 0# - CÓDIGO DE LENGUA |
| Código de lengua del texto/banda sonora o título independiente |
spa |
| Código de lengua del sumario o resumen |
eng |
| 090 ## - LOCALMENTE ASIGNADO TIPO-LC NÚMERO DE CLASIFICACIÓN (OCLC); NÚMERO DE CLASIFICACIÓN LOCAL (RLIN) |
| Número de clasificación (OCLC) (R) ; Numero de clasificación, CALL (RLIN) (NR) |
Tesis |
| Número cutter local (OCLC) ; Número de libro/Signatura topográfica íntegra, CALL (RLIN) |
G66 |
| año |
2013 |
| 100 1# - ENTRADA PRINCIPAL--NOMBRE DE PERSONA |
| Nombre de persona |
Gómez Pérez, Alonso |
| 240 10 - TÍTULO UNIFORME |
| Título uniforme |
Design and implementation of control of sale of tomato (Lycopersicum esculentum Mill.) in Tlapacoyan and Martinez de la Torre, Veracruz. |
| Lenguaje de la obra |
Español |
| 245 10 - MENCIÓN DE TÍTULO |
| Título |
Diseño e implementación de control de venta de jitomate (Lycopersicum esculentum Mill.) en Tlapacoyan y Martínez de la Torre, Ver. / |
| Mención de responsabilidad, etc. |
Alonso Gómez Pérez |
| 264 ## - PRODUCCIÓN, PUBLICACIÓN, DISTRIBUCIÓN, FABRICACIÓN Y COPYRIGHT |
| Producción, publicación, distribución, fabricación y copyright |
Chapingo, México : |
| Nombre del de productor, editor, distribuidor, fabricante |
El autor, |
| Fecha de producción, publicación, distribución, fabricación o copyright |
2013 |
| 300 ## - DESCRIPCIÓN FÍSICA |
| Extensión |
45 hojas : |
| Otras características físicas |
ilustraciones,mapas gráficas, diagramas, tablas, fotos + |
| Material acompañante/anejo |
1 CD-ROM |
| 336 ## - TIPO DE CONTENIDO |
| Fuente |
rdacontent |
| Término de tipo de contenido |
texto |
| Código de tipo de contenido |
txt |
| 337 ## - TIPO DE MEDIO |
| Fuente |
rdamedia |
| Nombre/término del tipo de medio |
no mediado |
| Código del tipo de medio |
n |
| 338 ## - TIPO DE SOPORTE |
| Fuente |
rdacarrier |
| Nombre/término del tipo de soporte |
volumen |
| Código del tipo de soporte |
nc |
| 500 ## - NOTA GENERAL |
| Nota general |
El CD contiene el reporte |
| 502 ## - NOTA DE TESIS |
| Nota de tesis |
Informe de Estancia Preprofesional |
| Tipo de título |
(Ingeniero Agroindustrial) -- |
| Nombre de la institución que otorga el título |
UACh. Departamento de Ingeniería Agroindustrial, |
| Año de obtención del título |
2013 |
| 504 ## - NOTA DE BIBLIOGRAFÍA, ETC. |
| Nota de bibliografía, etc. |
Bibliografía: hojas 41-42 |
| 520 3# - SUMARIO, ETC. |
| Sumario, etc. |
El objetivo principal de la Estancia Pre-Profesional (EPP) es vincular el ámbito profesional del exterior con los nuevos profesionistas que han concluido o están por terminar su formación académica, como una opción de vinculación con el sector productivo, que será un aprendizaje más en la vida profesional. En el presente informe se describe detalladamente lo que se hizo en la EPP de acuerdo a las actividades asignadas, una de ellas y la más importante son el diseño y la implementación de un control de ventas de jitomate, esto con el fin de obtener información que ayude a conocer aspectos importantes de la comercialización de jitomate. Para obtener resultados satisfactorios fue necesario involucrarse directamente con la venta de jitomate, esto fue clave para llegar al objetivo. Se hizo uso de herramientas muy sencillas, como notas de remisión y libretas y equipo de oficina para obtener registros y así elaborar informes parciales de cada viaje. Con la notas se obtuvo la cantidad vendida, calidad, precio de venta y clientes potenciales, las mermas fueron identificadas gracias a las devoluciones de los diversos super´s a los que se les hace entrega. Finalmente, logró obtenerse un estado financiero de la comercialización mediante una propuesta de base de datos hecha con los importes totales de los informes parciales de cada viaje. Estos informes se reportaban en una semana máxima después de la fecha de recibo para tener un margen de seguridad con la información de los datos que se generaba en la venta de jitomate. Gracias a este proceso se obtuvieron beneficios por parte de la empresa, ya que ésta ocupa dicha información para sacar sus balances generales mensuales y decidir seguir con el proyecto de comercialización. |
| 520 3# - SUMARIO, ETC. |
| Sumario, etc. |
The main purpose of the Stay Pre-Professional (EPP) is to link the professional field outside the new professionals who have concluded or are about to complete their education, as an option in connection with the productive sector, it will be a learning professional life. This report describes in detail what was done in the EPP according to assigned activities, one of them and the most important is the design and implementation of a control tomatoes sales, this in order to get information to help meet important marketing aspects of tomatoes. For satisfactory results it was necessary to engage directly with the sale of tomatoes, this was key to reaching the objectives. It made use of simple tools, such as delivery notes and notebooks and office equipment and records for partial reporting of each trip. With the notes was obtained quantities, quality, price and potential customers, the losses were identified through returns of various super's those hands them. Finally succeeded obtained a financial statement of marketing through a proposed database made with the total amounts of progress reports for each trip. These reports were reported in a week maximum after the date of receipt to have a safety margin with the data information that was generated by the sale of tomatoes. Through this process benefits were obtained by the company, since it takes that information to draw their monthly balance sheets and decide to continue or not with the marketing project. |
| 650 13 - PUNTO DE ACCESO ADICIONAL DE MATERIA--TÉRMINO DE MATERIA |
| Término de materia o nombre geográfico como elemento de entrada |
Tomate |
| Subdivisión general |
Mercadeo |
| Subdivisión geográfica |
México |
| -- |
Veracruz |
| 650 13 - PUNTO DE ACCESO ADICIONAL DE MATERIA--TÉRMINO DE MATERIA |
| Término de materia o nombre geográfico como elemento de entrada |
Tomatoes |
| Subdivisión general |
Marketing |
| Subdivisión geográfica |
Mexico |
| -- |
Veracruz |
| 700 1# - PUNTO DE ACCESO ADICIONAL--NOMBRE DE PERSONA |
| Nombre de persona |
Pérez Román, Arturo |
| Término indicativo de función/relación |
director |
| 700 1# - PUNTO DE ACCESO ADICIONAL--NOMBRE DE PERSONA |
| Nombre de persona |
Espejel Zaragoza, José Alfredo |
| Término indicativo de función/relación |
asesor |
| 700 1# - PUNTO DE ACCESO ADICIONAL--NOMBRE DE PERSONA |
| Nombre de persona |
Ponce Hernández, Pedro |
| Término indicativo de función/relación |
asesor |
| 856 41 - LOCALIZACIÓN Y ACCESO ELECTRÓNICOS |
| Identificador Uniforme del Recurso |
<a href="http://10.13.5.2/tesis/sist109495.pdf">http://10.13.5.2/tesis/sist109495.pdf</a> |
| Texto de enlace |
DESCARGAR PDF |
| 901 ## - ELEMENTOS DE DATOS A LOCAL LDA (RLIN) |
| a |
TESIS G66 2013 |
| 942 ## - ELEMENTOS DE PUNTO DE ACCESO ADICIONAL (KOHA) |
| Tipo de ítem Koha |
TESIS |
| Fuente del sistema de clasificación o colocación |
Clasificación Universidad Autónoma Chapingo |
| 902 ## - ELEMENTOS DE DATOS B LOCAL, LDB (RLIN) |
| a |
M |
| 905 ## - ELEMENTOS DE DATOS E LOCAL, LDE (RLIN) |
| a |
5232272013 mx dnml8222223322spa16 |